Kaya Nikash / (Record no. 11631)
[ view plain ]
| 000 -LEADER | |
|---|---|
| fixed length control field | 00386cam a2200157ua 4500 |
| 041 ## - LANGUAGE CODE | |
| Language code of text/sound track or separate title | eng |
| 082 ## - DEWEY DECIMAL CLASSIFICATION NUMBER | |
| Classification number | 891.54 |
| Item number | LOK/KA |
| 100 ## - MAIN ENTRY--AUTHOR NAME | |
| Personal name | Loknadh, dridevi, silkari . |
| 245 ## - TITLE STATEMENT | |
| Title | Kaya Nikash / |
| 260 ## - PUBLICATION, DISTRIBUTION, ETC. (IMPRINT) | |
| Place of publication | : |
| Name of publisher | Sathiprakashan sagar , |
| Year of publication | 1964. |
| 300 ## - PHYSICAL DESCRIPTION | |
| Number of Pages | 80 ; . |
No items available.
